[Event "X Obert Int Vila de Canovelles 2007"]
[Site "Canovelles (Spain)"]
[Date "2007.03.16"]
[Round "2.1"]
[White "Mas Recorda, Pere"]
[Black "Munoz Pantoja, Miguel"]
[Result "1-0"]
[WhiteElo "2016"]
[BlackElo "2479"]
[PlyCount "67"]
[EventDate "2007.03.09"]

1. f4 c5 2. Nf3 Nc6 3. b3 Nf6 4. Bb2 g6 5. e3 Bg7 6. Bb5 Na5 7. O-O O-O 8. Na3
d6 9. Be2 Nc6 10. c4 Re8 11. Nc2 e5 12. d4 exf4 13. d5 Na5 14. exf4 Nxd5 15.
Bxg7 Nxf4 16. Bh6 Nxe2+ 17. Kh1 Nc3 18. Qd2 Ne4 19. Qf4 f5 20. Ne3 Be6 21. Rad1
Nc6 22. Ng5 Nd4 23. Nxe4 fxe4 24. Ng4 Bf5 25. Bg5 Qb6 26. Nh6+ Kg7 27. Nxf5+
Nxf5 28. g4 e3 29. gxf5 e2 30. fxg6 Qc6+ 31. Kg1 exf1=Q+ 32. Rxf1 Qd7 33. Bh6+
Kh8 34. g7+ 1-0

[Event "X Obert Int Vila de Canovelles 2007"]
[Site "Canovelles (Spain)"]
[Date "2007.03.16"]
[Round "2.2"]
[White "Garcia Jimenez, Fransisco J"]
[Black "Molano Lafuente, Ismael"]
[Result "1/2-1/2"]
[WhiteElo "2309"]
[BlackElo "1913"]
[PlyCount "146"]
[EventDate "2007.03.09"]

1. e4 c5 2. Nc3 e6 3. g3 d5 4. d3 Nf6 5. Bg2 dxe4 6. Nxe4 Nxe4 7. Bxe4 Nd7 8.
Ne2 Nf6 9. Bg2 Bd6 10. O-O O-O 11. Nc3 a6 12. Bg5 h6 13. Be3 Rb8 14. Qe2 b5 15.
Ne4 Nxe4 16. dxe4 Qc7 17. Rad1 c4 18. Qd2 Be5 19. f4 Bxb2 20. Qb4 Bf6 21. Qc5
Rb7 22. e5 Be7 23. Qc6 Qxc6 24. Bxc6 Rc7 25. Be4 Bc5 26. Bxc5 Rxc5 27. Rd6 Rc7
28. Rfd1 Bb7 29. Bxb7 Rxb7 30. Rxa6 b4 31. Kg2 b3 32. axb3 cxb3 33. cxb3 Rxb3
34. Rd7 Rb2+ 35. Kh3 g6 36. Raa7 Kg7 37. Re7 Rb6 38. Kg4 Rc6 39. h3 Kg8 40. h4
Rc5 41. h5 g5 42. fxg5 hxg5 43. Kxg5 Rxe5+ 44. Kh6 Rf5 45. g4 Rf6+ 46. Kg5 Kg7
47. Rab7 Rh8 48. Kh4 Rd8 49. Rb5 Rf4 50. Ra7 Rf1 51. Kg5 Rh1 52. Re5 Re8 53.
Rd7 Rh2 54. Re3 Rf2 55. Kh4 Rf1 56. Kg5 Rf2 57. Rh3 Kh7 58. Re3 Kg7 59. Kh4 Rf1
60. g5 Rf4+ 61. Kg3 Rf5 62. Kg4 Rf1 63. g6 Rf8 64. Rxe6 Rg1+ 65. Kf3 Rh1 66.
Re5 Kf6 67. Rxf7+ Rxf7 68. gxf7 Kxf7 69. Kg4 Rg1+ 70. Kf5 Kg7 71. Re6 Rf1+ 72.
Kg5 Rg1+ 73. Kf5 Rf1+ 1/2-1/2

[Event "X Obert Int Vila de Canovelles 2007"]
[Site "Canovelles (Spain)"]
[Date "2007.03.16"]
[Round "2.3"]
[White "Alcazar Pascual, Luis"]
[Black "Garcia Cano, Antonio"]
[Result "0-1"]
[WhiteElo "1978"]
[BlackElo "2295"]
[PlyCount "114"]
[EventDate "2007.03.09"]

1. d4 Nf6 2. Nf3 d6 3. Nc3 Nbd7 4. e4 e5 5. Bc4 Be7 6. O-O O-O 7. h3 c6 8. a4
b6 9. d5 c5 10. Be3 a6 11. b3 Ne8 12. Qe2 g6 13. g4 Ng7 14. Ne1 f5 15. f3 Nf6
16. Bd3 Nfe8 17. Qg2 Kh8 18. Rb1 Bg5 19. Qd2 Bxe3+ 20. Qxe3 Qh4 21. Kg2 Ra7 22.
Be2 Raf7 23. Nd3 Kg8 24. b4 h5 25. Rh1 Nf6 26. Qf2 Qxf2+ 27. Nxf2 fxg4 28. hxg4
hxg4 29. fxg4 Nxd5 30. exd5 Rxf2+ 31. Kg3 c4 32. Rhf1 R2f4 33. Rxf4 exf4+ 34.
Kf3 Bb7 35. Kf2 Re8 36. Bf3 Re5 37. Re1 Kf7 38. Rh1 Re3 39. Ne4 Bxd5 40. Nxd6+
Ke6 41. Bxd5+ Kxd5 42. Rd1+ Ke6 43. Nxc4 Rc3 44. Rd6+ Ke7 45. Rxg6 Ne6 46. Nxb6
Rxc2+ 47. Kf3 Kf7 48. Rh6 Rc6 49. Rh7+ Kg6 50. Rb7 Rc3+ 51. Kf2 Nd4 52. Nd5
Rc2+ 53. Ke1 f3 54. Rc7 Rb2 55. Rc4 f2+ 56. Kf1 Nf3 57. Rc1 Nh2+ 0-1

[Event "X Obert Int Vila de Canovelles 2007"]
[Site "Canovelles (Spain)"]
[Date "2007.03.16"]
[Round "2.4"]
[White "Lopez Santana, Oscar"]
[Black "Felipo Pages, Danilo"]
[Result "1-0"]
[WhiteElo "2227"]
[BlackElo "1871"]
[PlyCount "39"]
[EventDate "2007.03.09"]

1. e4 c6 2. d4 d5 3. Nc3 dxe4 4. Nxe4 Bf5 5. Ng3 Bg6 6. N1e2 h6 7. Nf4 Bh7 8.
Bc4 e6 9. O-O Nf6 10. Qe2 Be7 11. Bxe6 O-O 12. Bf5 Nbd7 13. Re1 Bd6 14. Bxh7+
Nxh7 15. Nf5 Re8 16. Qxe8+ Qxe8 17. Rxe8+ Rxe8 18. Kf1 Bc7 19. Nh5 Ndf6 20.
Nhxg7 1-0

[Event "X Obert Int Vila de Canovelles 2007"]
[Site "Canovelles (Spain)"]
[Date "2007.03.16"]
[Round "2.5"]
[White "Sadusea, Johnny"]
[Black "Trafi Guillaume, Joaquin"]
[Result "1-0"]
[WhiteElo "2156"]
[BlackElo "1817"]
[PlyCount "23"]
[EventDate "2007.03.09"]

1. e4 c5 2. Nf3 g6 3. d4 Bg7 4. Nc3 cxd4 5. Nxd4 a6 6. Be3 Nc6 7. Nd5 Qa5+ 8.
c3 Nxd4 9. Bxd4 e5 10. Bb6 Qxb6 11. Nxb6 Rb8 12. Qd6 1-0

[Event "X Obert Int Vila de Canovelles 2007"]
[Site "Canovelles (Spain)"]
[Date "2007.03.16"]
[Round "2.6"]
[White "Melich Martinez, Josep"]
[Black "Parra Bola, Jose M"]
[Result "1-0"]
[WhiteElo "1893"]
[BlackElo "2143"]
[PlyCount "63"]
[EventDate "2007.03.09"]

1. d4 f5 2. c4 Nf6 3. Nf3 g6 4. g3 Bg7 5. Bg2 O-O 6. O-O d6 7. Nc3 Nc6 8. Bf4
e6 9. a3 a5 10. Bg5 h6 11. d5 Ne7 12. Bxf6 Bxf6 13. dxe6 Bxe6 14. Qd3 Rb8 15.
Nd4 Bxd4 16. Qxd4 Nc6 17. Qd2 Kh7 18. Nd5 b6 19. Nf4 Bd7 20. Bxc6 Bxc6 21. Ne6
Qf6 22. Nxf8+ Rxf8 23. f3 Re8 24. Rad1 Re5 25. Qd4 Qe7 26. Rd2 Re6 27. Kf2 Re5
28. Rc1 g5 29. Rc3 g4 30. Re3 gxf3 31. exf3 Qf6 32. f4 1-0

[Event "X Obert Int Vila de Canovelles 2007"]
[Site "Canovelles (Spain)"]
[Date "2007.03.16"]
[Round "2.8"]
[White "Bautista Ballester, Jordi"]
[Black "Gomez Benitez, David"]
[Result "0-1"]
[WhiteElo "1863"]
[BlackElo "2109"]
[PlyCount "46"]
[EventDate "2007.03.09"]

1. e4 d5 2. exd5 Qxd5 3. Nc3 Qd6 4. g3 Nc6 5. Bg2 Nf6 6. d3 Bg4 7. Nge2 e5 8.
Be3 Be7 9. a3 O-O 10. Qd2 a6 11. f4 Bxe2 12. fxe5 Qxe5 13. Qxe2 Rfe8 14. Bf4
Qa5 15. Bd2 Qb6 16. Ne4 Nxe4 17. Bxe4 Qxb2 18. O-O Bf6 19. Qh5 Rxe4 20. dxe4
Qd4+ 21. Kh1 Qxe4+ 22. Qf3 Qxf3+ 23. Rxf3 Bxa1 0-1

[Event "X Obert Int Vila de Canovelles 2007"]
[Site "Canovelles (Spain)"]
[Date "2007.03.16"]
[Round "2.10"]
[White "Veciana Francesch, Josep"]
[Black "Cordomi Forns, Francesc"]
[Result "0-1"]
[WhiteElo "1806"]
[BlackElo "2088"]
[PlyCount "76"]
[EventDate "2007.03.09"]

1. e4 e6 2. d3 d5 3. Nd2 c5 4. g3 Bd6 5. Bg2 Ne7 6. Ngf3 Nbc6 7. O-O Qc7 8. Re1
Bd7 9. c3 O-O-O 10. a3 f6 11. b4 g5 12. bxc5 Bxc5 13. d4 Bd6 14. e5 fxe5 15.
Nxg5 Rdf8 16. Bb2 h6 17. dxe5 Nxe5 18. Ngf3 Nd3 19. Qb1 Nxe1 20. Qxe1 Rhg8 21.
c4 Nc6 22. cxd5 exd5 23. Qe3 Qb6 24. Qxb6 axb6 25. Nd4 Bc5 26. N2b3 Nxd4 27.
Nxc5 bxc5 28. Bxd4 cxd4 29. Rd1 Bc6 30. Rxd4 Rd8 31. a4 Rge8 32. Bf1 Re4 33.
Rd1 Rde8 34. Bh3+ Kc7 35. Kf1 Bxa4 36. Rc1+ Kd6 37. Rb1 Re1+ 38. Rxe1 Rxe1+ 0-1

[Event "X Obert Int Vila de Canovelles 2007"]
[Site "Canovelles (Spain)"]
[Date "2007.03.23"]
[Round "3.1"]
[White "Garcia Cano, Antonio"]
[Black "Rodriguez Barranco, Miquel A"]
[Result "1-0"]
[WhiteElo "2295"]
[BlackElo "2105"]
[PlyCount "73"]
[EventDate "2007.03.09"]

1. e4 c5 2. Nf3 d6 3. d4 cxd4 4. Nxd4 Nf6 5. Nc3 a6 6. Qf3 Qc7 7. Bg5 Nbd7 8.
O-O-O e6 9. Qg3 Be7 10. Be2 Nc5 11. Bxf6 Bxf6 12. Nb3 Nxb3+ 13. axb3 Be5 14. f4
Bf6 15. e5 dxe5 16. Ne4 exf4 17. Nxf6+ gxf6 18. Qg7 Rf8 19. Qxf6 Qe7 20. Qxf4
Bd7 21. Rd6 Bc6 22. Rhd1 Rg8 23. Kb1 Rg6 24. Qe5 Qf6 25. Qc5 Rg5 26. Qb6 Kf8
27. g4 Kg7 28. Rf1 Qe7 29. Qd4+ Kg8 30. Qd2 Bd5 31. Rd7 Qxd7 32. Qxg5+ Kh8 33.
Qf6+ Kg8 34. Bd3 Bxb3 35. Qh6 f5 36. gxf5 Qf7 37. cxb3 1-0

[Event "X Obert Int Vila de Canovelles 2007"]
[Site "Canovelles (Spain)"]
[Date "2007.03.23"]
[Round "3.2"]
[White "Cordomi Forns, Francesc"]
[Black "Lopez Santana, Oscar"]
[Result "0-1"]
[WhiteElo "2088"]
[BlackElo "2227"]
[PlyCount "143"]
[EventDate "2007.03.09"]

1. d4 e6 2. c4 f5 3. Nc3 Bb4 4. a3 Bxc3+ 5. bxc3 Nf6 6. Nf3 O-O 7. e3 c5 8. Bd3
b6 9. O-O Nc6 10. Qc2 Ba6 11. Bb2 Na5 12. Nd2 Rc8 13. Rac1 g6 14. Qb1 d6 15. f4
Qe7 16. Rfe1 e5 17. e4 fxe4 18. Bxe4 Nxe4 19. Qxe4 Bb7 20. Qe3 Rce8 21. fxe5
dxe5 22. d5 Rf5 23. Rf1 Ref8 24. Rce1 Rxf1+ 25. Rxf1 Rxf1+ 26. Kxf1 Qf6+ 27.
Ke2 Qf5 28. Qd3 Kf7 29. Bc1 Ke7 30. Qe4 Kd6 31. Qh4 g5 32. Qh6+ Qg6 33. Ne4+
Kc7 34. Qxg6 hxg6 35. Kd3 Ba6 36. Nd2 g4 37. g3 Kd7 38. Ke4 Kd6 39. Kd3 Ke7 40.
Bb2 Bc8 41. Ke3 Bf5 42. Bc1 Kd6 43. Bb2 a6 44. Bc1 b5 45. cxb5 axb5 46. a4 b4
47. c4 Bc2 48. Bb2 Nb3 49. Nxb3 Bxb3 50. Kd3 Bxa4 51. Bc1 Bd7 52. Bb2 Bf5+ 53.
Ke2 Bb1 54. Kd2 Be4 55. Ke3 Bb1 56. Kd2 Ba2 57. Kd3 e4+ 58. Kxe4 Bxc4 59. Be5+
Kd7 60. d6 Be6 61. Kd3 Kc6 62. Kc2 Kd5 63. Bf4 g5 64. Bxg5 Kxd6 65. Bd2 Kd5 66.
Be1 Kc4 67. Bf2 Bf5+ 68. Kb2 Kb5 69. Be3 c4 70. Bg5 c3+ 71. Kb3 Be6+ 72. Kc2
0-1

[Event "X Obert Int Vila de Canovelles 2007"]
[Site "Canovelles (Spain)"]
[Date "2007.03.23"]
[Round "3.3"]
[White "Molero Tejada, Santiago"]
[Black "Sadusea, Johnny"]
[Result "0-1"]
[WhiteElo "2019"]
[BlackElo "2156"]
[PlyCount "30"]
[EventDate "2007.03.09"]

1. d4 Nf6 2. Bf4 d6 3. c4 Nbd7 4. Nf3 c6 5. Nc3 Qa5 6. Qd2 e5 7. dxe5 dxe5 8.
Bg3 Bb4 9. Rc1 Ne4 10. Qe3 f5 11. a3 Bxc3+ 12. bxc3 O-O 13. Bxe5 Nxe5 14. Nxe5
Qxe5 15. f3 Qc5 0-1

[Event "X Obert Int Vila de Canovelles 2007"]
[Site "Canovelles (Spain)"]
[Date "2007.03.23"]
[Round "3.5"]
[White "Gomez Benitez, David"]
[Black "Mas Recorda, Pere"]
[Result "0-1"]
[WhiteElo "2109"]
[BlackElo "2016"]
[PlyCount "122"]
[EventDate "2007.03.09"]

1. e4 e6 2. Qe2 c5 3. Nf3 Nc6 4. g3 g6 5. Bg2 Bg7 6. O-O Nge7 7. d3 O-O 8. h4
d5 9. e5 Qc7 10. Bf4 b5 11. Nbd2 Nf5 12. c3 h5 13. Rfe1 a5 14. a3 Ba6 15. Nf1
b4 16. N1h2 Rab8 17. g4 hxg4 18. Nxg4 bxa3 19. bxa3 Rb3 20. Qd2 Rfb8 21. Nf6+
Kf8 22. Ra2 Bxd3 23. Nxd5 Qd8 24. Nf6 Rb1 25. Rxb1 Rxb1+ 26. Kh2 c4 27. Ng5
Bxf6 28. Bxc6 Be7 29. h5 Bxg5 30. Bxg5 Qc7 31. Bh6+ Kg8 32. Bg2 Qxe5+ 33. Bf4
Qh8 34. h6 Kh7 35. Bg5 Qe5+ 36. Bf4 Qb5 37. a4 Qc5 38. Ba8 Nxh6 39. Bxh6 Qh5+
40. Kg3 Qxh6 41. Qxh6+ Kxh6 42. Bc6 Kg5 43. f4+ Kf5 44. Rh2 Rg1+ 45. Kf3 Rf1+
46. Ke3 Rxf4 47. Rh7 f6 48. Bd7 Re4+ 49. Kf3 g5 50. Rg7 g4+ 51. Kg3 Re3+ 52.
Kf2 Rf3+ 53. Kg2 Be4 54. Re7 Bd5 55. Rg7 Rxc3+ 56. Kh2 Rh3+ 57. Kg1 c3 58. Bb5
g3 59. Bd3+ Kf4 60. Kf1 g2+ 61. Ke2 Rg3 0-1

[Event "X Obert Int Vila de Canovelles 2007"]
[Site "Canovelles (Spain)"]
[Date "2007.03.23"]
[Round "3.6"]
[White "Molano Lafuente, Ismael"]
[Black "Melich Martinez, Josep"]
[Result "1-0"]
[WhiteElo "1913"]
[BlackElo "1893"]
[PlyCount "31"]
[EventDate "2007.03.09"]

1. e4 c6 2. Nc3 d5 3. Qf3 d4 4. Bc4 Nf6 5. e5 dxc3 6. exf6 cxd2+ 7. Bxd2 exf6
8. O-O-O Qb6 9. Nh3 Bxh3 10. Qxh3 Qc7 11. Rhe1+ Be7 12. Bb4 c5 13. Rxe7+ Kxe7
14. Qe3+ Qe5 15. Bxc5+ Ke8 16. Qd3 1-0

[Event "X Obert Int Vila de Canovelles 2007"]
[Site "Canovelles (Spain)"]
[Date "2007.03.23"]
[Round "3.7"]
[White "Munoz Pantoja, Miguel"]
[Black "Garcia Jimenez, Fransisco J"]
[Result "1-0"]
[WhiteElo "2479"]
[BlackElo "2309"]
[PlyCount "55"]
[EventDate "2007.03.09"]

1. e4 d5 2. exd5 Qxd5 3. Nf3 Bg4 4. Be2 Nc6 5. d4 O-O-O 6. Be3 Qf5 7. c4 Bxf3
8. Bxf3 Nxd4 9. Bxd4 Qe6+ 10. Be2 Qe4 11. Nc3 Qxd4 12. Qc2 e6 13. O-O Bd6 14.
Rfd1 Qe5 15. Bf3 Qxh2+ 16. Kf1 Nf6 17. Nb5 Bc5 18. b4 c6 19. bxc5 cxb5 20. cxb5
Qc7 21. Rdc1 Nd5 22. g3 h5 23. Qa4 Kb8 24. Rab1 Rc8 25. Bxd5 exd5 26. b6 axb6
27. cxb6 Qxc1+ 28. Kg2 1-0

[Event "X Obert Int Vila de Canovelles 2007"]
[Site "Canovelles (Spain)"]
[Date "2007.03.30"]
[Round "4.1"]
[White "Sadusea, Johnny"]
[Black "Garcia Cano, Antonio"]
[Result "0-1"]
[WhiteElo "2156"]
[BlackElo "2295"]
[PlyCount "90"]
[EventDate "2007.03.09"]

1. e4 c5 2. Nf3 Nc6 3. Nc3 Nf6 4. d4 d5 5. exd5 Nxd5 6. Nxd5 Qxd5 7. Be3 cxd4
8. Nxd4 a6 9. Qf3 Qxf3 10. Nxf3 Nb4 11. Kd2 Bf5 12. Ne1 Rd8+ 13. Nd3 e5 14. f3
Be7 15. a3 Nxd3 16. Bxd3 O-O 17. Ke2 Bxd3+ 18. cxd3 Rc8 19. Rac1 f5 20. Rxc8
Rxc8 21. Rc1 Rxc1 22. Bxc1 Kf7 23. f4 exf4 24. Bxf4 Ke6 25. a4 Kd5 26. Bd2 h5
27. Bc3 g5 28. Kf3 Bd6 29. h3 g4+ 30. hxg4 fxg4+ 31. Ke2 h4 32. b4 Be5 33. Be1
h3 34. gxh3 gxh3 35. Kf3 b5 36. axb5 axb5 37. Bf2 Bd6 38. Be3 Bxb4 39. Kg3 Bc3
40. Kxh3 b4 41. Kg2 b3 42. Bc1 Kd4 43. Kf3 Kxd3 44. Ba3 Kc2 45. Ke4 Bb4 0-1

[Event "X Obert Int Vila de Canovelles 2007"]
[Site "Canovelles (Spain)"]
[Date "2007.03.30"]
[Round "4.2"]
[White "Lopez Santana, Oscar"]
[Black "Mas Recorda, Pere"]
[Result "1-0"]
[WhiteElo "2227"]
[BlackElo "2016"]
[PlyCount "89"]
[EventDate "2007.03.09"]

1. e4 e6 2. d4 d5 3. e5 b6 4. c3 Qd7 5. h4 c5 6. h5 Ba6 7. Bxa6 Nxa6 8. Qe2 Nc7
9. Nf3 Qb5 10. Qxb5+ Nxb5 11. a4 Nc7 12. b3 Rc8 13. Na3 a6 14. Be3 a5 15. dxc5
bxc5 16. Nb5 f6 17. c4 Na6 18. Bd2 dxc4 19. bxc4 Nb4 20. Ke2 fxe5 21. Nxe5 Be7
22. Rad1 Nf6 23. h6 g6 24. Bg5 Ne4 25. Bxe7 Kxe7 26. Rd7+ Kf6 27. f4 Rcf8 28.
Kf3 Ng5+ 29. Kg4 Nc2 30. Rd3 Rd8 31. Nd7+ Ke7 32. Kxg5 Rxd7 33. Rxd7+ Kxd7 34.
Kf6 Re8 35. Rd1+ Nd4 36. Nxd4 cxd4 37. Rxd4+ Kc6 38. Re4 Kd6 39. Re5 Rf8+ 40.
Kg7 Rxf4 41. Rxa5 e5 42. Kxh7 e4 43. Kg7 e3 44. h7 Rh4 45. Rd5+ 1-0

[Event "X Obert Int Vila de Canovelles 2007"]
[Site "Canovelles (Spain)"]
[Date "2007.03.30"]
[Round "4.3"]
[White "Herms Agullo, Jordi"]
[Black "Molano Lafuente, Ismael"]
[Result "1-0"]
[WhiteElo "2128"]
[BlackElo "1913"]
[PlyCount "107"]
[EventDate "2007.03.09"]

1. e4 c5 2. Nf3 Nc6 3. d4 cxd4 4. Nxd4 Nf6 5. Nc3 e6 6. Ndb5 Bb4 7. a3 Bxc3+ 8.
Nxc3 d5 9. exd5 Nxd5 10. Nxd5 Qxd5 11. Qxd5 exd5 12. Be3 O-O 13. O-O-O Be6 14.
h4 Rac8 15. h5 Rfd8 16. Rh4 a6 17. Kb1 Ne5 18. Bd4 Nc4 19. Bd3 Nd6 20. g4 h6
21. f4 f6 22. Rg1 Ne4 23. Rh2 Bf7 24. c3 Rc6 25. Re2 Re8 26. Kc1 Nd6 27. Reg2
Ne4 28. Kc2 Re7 29. b4 b5 30. Re2 Re8 31. Kb2 g5 32. hxg6 Bxg6 33. Rh2 Kg7 34.
g5 hxg5 35. fxg5 Kf7 36. gxf6 Rg8 37. Bxe4 dxe4 38. Kc1 Ke6 39. Kd2 Rcc8 40.
Ke3 Bf5 41. Rhg2 Rxg2 42. Rxg2 Rf8 43. Rg7 Rf7 44. Rg8 Rd7 45. Re8+ Kf7 46. Ra8
Rd6 47. Ra7+ Bd7 48. Kxe4 Ke6 49. Be5 Bc6+ 50. Kf4 Rd7 51. Rxa6 Kd5 52. Kf5 Rb7
53. Rxc6 Kxc6 54. Ke6 1-0

[Event "X Obert Int Vila de Canovelles 2007"]
[Site "Canovelles (Spain)"]
[Date "2007.03.30"]
[Round "4.4"]
[White "Coll Enriques, Lluis"]
[Black "Diaz Moron, Agustin"]
[Result "1-0"]
[WhiteElo "2197"]
[BlackElo "2016"]
[PlyCount "71"]
[EventDate "2007.03.09"]

1. e4 d5 2. exd5 Nf6 3. d4 Bg4 4. f3 Bf5 5. Bb5+ c6 6. dxc6 Qa5+ 7. Nc3 Nxc6 8.
Nge2 O-O-O 9. Bxc6 bxc6 10. b4 Qxb4 11. Rb1 Qc4 12. Bf4 e5 13. Bxe5 Bb4 14.
Rxb4 Qxb4 15. O-O Rhe8 16. Qc1 c5 17. Bxf6 gxf6 18. d5 Qc4 19. Rf2 Re7 20. g4
Bg6 21. Qd2 h5 22. h3 hxg4 23. hxg4 Red7 24. Nf4 Qd4 25. a3 Qxd2 26. Rxd2 Rb7
27. Ng2 Rb2 28. Ne3 Rb6 29. f4 Ra6 30. a4 Re8 31. Kf2 Be4 32. f5 Kd7 33. Nc4
Bh1 34. Rd1 Rh8 35. Kg3 Rh6 36. a5 1-0

[Event "X Obert Int Vila de Canovelles 2007"]
[Site "Canovelles (Spain)"]
[Date "2007.03.30"]
[Round "4.5"]
[White "Melich Martinez, Josep"]
[Black "Munoz Pantoja, Miguel"]
[Result "0-1"]
[WhiteElo "1893"]
[BlackElo "2479"]
[PlyCount "66"]
[EventDate "2007.03.09"]

1. d4 c5 2. d5 Nf6 3. c4 g6 4. Nc3 Qa5 5. Bd2 d6 6. e4 Bg7 7. f4 O-O 8. Nf3 e6
9. dxe6 fxe6 10. Bd3 Nc6 11. O-O a6 12. Qe1 Qd8 13. Rd1 d5 14. exd5 exd5 15.
cxd5 Nb4 16. Bc4 b5 17. Be2 Nbxd5 18. Be3 Qe7 19. Nxd5 Nxd5 20. Rxd5 Qxe3+ 21.
Qf2 Qxf2+ 22. Rxf2 Bb7 23. Rd7 Bc6 24. Rd6 Rf6 25. Rxf6 Bxf6 26. Ne5 Bxe5 27.
fxe5 Re8 28. Rf6 Rxe5 29. Rxc6 Rxe2 30. Rxa6 Rxb2 31. a4 c4 32. axb5 c3 33. Rc6
c2 0-1

[Event "X Obert Int Vila de Canovelles 2007"]
[Site "Canovelles (Spain)"]
[Date "2007.03.30"]
[Round "4.6"]
[White "Riera Trepat, Miguel Angel"]
[Black "Parra Bola, Jose M"]
[Result "1-0"]
[WhiteElo "1946"]
[BlackElo "2143"]
[PlyCount "27"]
[EventDate "2007.03.09"]

1. d4 f5 2. Bg5 g6 3. e3 Bg7 4. h4 Nf6 5. Nd2 d5 6. Bd3 b6 7. Ne2 Ne4 8. Bxe4
fxe4 9. c4 c6 10. Qb3 Qd6 11. Bf4 e5 12. dxe5 Bxe5 13. O-O-O Na6 14. Nxe4 1-0

[Event "X Obert Int Vila de Canovelles 2007"]
[Site "Canovelles (Spain)"]
[Date "2007.03.30"]
[Round "4.7"]
[White "Felipo Pages, Danilo"]
[Black "Gomez Benitez, David"]
[Result "0-1"]
[WhiteElo "1871"]
[BlackElo "2109"]
[PlyCount "28"]
[EventDate "2007.03.09"]

1. c4 e6 2. Nc3 d5 3. cxd5 exd5 4. d4 c6 5. Nf3 f5 6. g3 Nf6 7. Bg2 Bd6 8. O-O
O-O 9. e3 Ne4 10. Nd2 Be6 11. Qb3 Qe7 12. Bh3 Rf7 13. Nf3 a5 14. Nxe4 dxe4 0-1

[Event "X Obert Int Vila de Canovelles 2007"]
[Site "Canovelles (Spain)"]
[Date "2007.03.30"]
[Round "4.8"]
[White "Rodriguez Barranco, Miquel A"]
[Black "Febrero Perez, Lluis"]
[Result "1-0"]
[WhiteElo "2105"]
[BlackElo "1754"]
[PlyCount "39"]
[EventDate "2007.03.09"]

1. e4 e5 2. Nf3 Nc6 3. Bc4 Be7 4. d4 exd4 5. Nxd4 Nf6 6. Nc3 O-O 7. O-O b6 8.
Nxc6 dxc6 9. Qe2 Ng4 10. e5 Qd4 11. e6 Bxe6 12. Bxe6 fxe6 13. Qxe6+ Rf7 14. Be3
Qb4 15. Ne4 Nxe3 16. fxe3 Raf8 17. Rf4 Qxb2 18. Rxf7 Rxf7 19. Rf1 Bf6 20. Ng5
1-0

[Event "X Obert Int Vila de Canovelles 2007"]
[Site "Canovelles (Spain)"]
[Date "2007.03.30"]
[Round "4.9"]
[White "Bautista Ballester, Jordi"]
[Black "Cordomi Forns, Francesc"]
[Result "1-0"]
[WhiteElo "1863"]
[BlackElo "2088"]
[PlyCount "55"]
[EventDate "2007.03.09"]

1. e4 e6 2. d4 d5 3. e5 c5 4. c3 Nc6 5. Ne2 Qb6 6. b3 Nge7 7. dxc5 Qxc5 8. Be3
Qa5 9. b4 Qc7 10. f4 Nf5 11. Bf2 h5 12. Na3 Nxb4 13. Nb5 Qa5 14. Ned4 Nxd4 15.
Nxd4 Nc6 16. Qc2 Bc5 17. Bb5 Bd7 18. Bxc6 Bxc6 19. O-O Rc8 20. Kh1 Ba4 21. Qd2
Ba3 22. f5 exf5 23. Nxf5 g6 24. Ng7+ Kf8 25. Bd4 Rh7 26. e6 Rc7 27. Qg5 Rxg7
28. Qf6 1-0

[Event "X Obert Int Vila de Canovelles 2007"]
[Site "Canovelles (Spain)"]
[Date "2007.03.30"]
[Round "4.10"]
[White "Trafi Guillaume, Joaquin"]
[Black "Bestard Borras, Miguel"]
[Result "0-1"]
[WhiteElo "1817"]
[BlackElo "2046"]
[PlyCount "60"]
[EventDate "2007.03.09"]

1. e4 c5 2. Nf3 e6 3. Nc3 Nc6 4. d4 cxd4 5. Nxd4 Nf6 6. Nxc6 bxc6 7. e5 Nd5 8.
Bd2 d6 9. exd6 Bxd6 10. Ne4 Be5 11. c3 O-O 12. Qc2 f5 13. Nc5 Bd6 14. Nb3 Qc7
15. g3 f4 16. Bc4 a5 17. a4 e5 18. Bd3 g6 19. O-O-O Nf6 20. gxf4 c5 21. c4 e4
22. Bxe4 Nxe4 23. Qxe4 Rb8 24. Qd5+ Rf7 25. Bxa5 Bxf4+ 26. Kb1 Bf5+ 27. Ka2 Qa7
28. Qxc5 Bc2 29. Rd8+ Rxd8 30. Qxa7 Rxa7 0-1

[Event "X Obert Int Vila de Canovelles 2007"]
[Site "Canovelles (Spain)"]
[Date "2007.04.13"]
[Round "5.1"]
[White "Garcia Cano, Antonio"]
[Black "Lopez Santana, Oscar"]
[Result "1/2-1/2"]
[WhiteElo "2295"]
[BlackElo "2227"]
[PlyCount "35"]
[EventDate "2007.03.09"]

1. e4 Nf6 2. e5 Nd5 3. d4 d6 4. c4 Nb6 5. f4 dxe5 6. fxe5 Nc6 7. Be3 Bf5 8. Nc3
e6 9. Nf3 Qd7 10. Be2 O-O-O 11. O-O Bg4 12. Nd2 h5 13. h3 Bf5 14. Nb3 a5 15. d5
Nxe5 16. Bxb6 cxb6 17. Qd4 Qc7 18. Na4 1/2-1/2

[Event "X Obert Int Vila de Canovelles 2007"]
[Site "Canovelles (Spain)"]
[Date "2007.04.13"]
[Round "5.2"]
[White "Gomez Benitez, David"]
[Black "Herms Agullo, Jordi"]
[Result "0-1"]
[WhiteElo "2109"]
[BlackElo "2128"]
[PlyCount "97"]
[EventDate "2007.03.09"]

1. e4 d5 2. exd5 Nf6 3. Bb5+ Nbd7 4. c4 a6 5. Bxd7+ Bxd7 6. Nf3 e6 7. O-O exd5
8. Re1+ Be7 9. cxd5 O-O 10. Qb3 Bd6 11. d4 a5 12. Bg5 a4 13. Qd3 h6 14. Bxf6
Qxf6 15. Nc3 Ra5 16. Ne5 Bf5 17. Qf3 b5 18. Nc6 Ra6 19. Nxb5 Kh7 20. Nxd6 cxd6
21. Ne7 Bg6 22. Qxf6 gxf6 23. Rac1 Rb6 24. Nxg6 Kxg6 25. Re2 Rfb8 26. Rcc2 Rb5
27. f3 Rxd5 28. Rc4 Rdb5 29. Rxa4 Rxb2 30. Rxb2 Rxb2 31. Ra6 Rd2 32. a4 Rxd4
33. Kf2 d5 34. Ke3 Rc4 35. Kd3 h5 36. a5 Ra4 37. Ra8 f5 38. a6 Kf6 39. a7 Ke7
40. g3 Kf6 41. Kc3 Rc4+ 42. Kb3 Rc7 43. Kb4 d4 44. Kb5 d3 45. Kb6 Rd7 46. Rg8
d2 47. a8=Q d1=Q 48. Rc8 Qd4+ 49. Ka5 0-1

[Event "X Obert Int Vila de Canovelles 2007"]
[Site "Canovelles (Spain)"]
[Date "2007.04.13"]
[Round "5.3"]
[White "Munoz Pantoja, Miguel"]
[Black "Bautista Ballester, Jordi"]
[Result "1/2-1/2"]
[WhiteElo "2479"]
[BlackElo "1863"]
[PlyCount "127"]
[EventDate "2007.03.09"]

1. e4 e6 2. d4 d5 3. Nd2 Nf6 4. e5 Nfd7 5. Bd3 c5 6. c3 Nc6 7. Ne2 Be7 8. f4 f5
9. O-O O-O 10. Nf3 cxd4 11. cxd4 Re8 12. Kh1 a5 13. Rg1 Nb4 14. Bb1 b6 15. a3
Nc6 16. g4 Nf8 17. gxf5 exf5 18. Ng3 Ng6 19. Nxf5 Rf8 20. Nxe7+ Ncxe7 21. Ng5
h6 22. Nf3 Nxf4 23. Be3 Ba6 24. Qc2 Bd3 25. Qd2 Be4 26. Bxe4 dxe4 27. Nh4 Ned5
28. Ng6 Nh3 29. Nxf8 Nxg1 30. Rxg1 Qxf8 31. Bxh6 Qf3+ 32. Qg2 g6 33. Qxf3 exf3
34. Rxg6+ Kh7 35. Rg3 Kxh6 36. Rxf3 Rc8 37. b3 Rc2 38. Kg1 Ra2 39. e6 Kg6 40.
h4 Re2 41. h5+ Kg5 42. h6 Rxe6 43. h7 Rh6 44. Rf7 Nf6 45. Rb7 Nxh7 46. Kf2 Kf4
47. d5 Ng5 48. Ke2 Ke5 49. Rd7 Rh3 50. b4 Rxa3 51. bxa5 bxa5 52. Kd2 Ne4+ 53.
Kc2 Nd6 54. Kb2 Rh3 55. Rd8 Kxd5 56. Ka2 Kc5 57. Rd7 Rd3 58. Rd8 Kb4 59. Rb8+
Nb5 60. Kb1 a4 61. Rb6 a3 62. Rb8 Rd2 63. Ka1 a2 64. Rxb5+ 1/2-1/2